| 000 | 00917nam a2200241 a 4500 | ||
|---|---|---|---|
| 001 | 22586 | ||
| 003 | CO-ViMGA | ||
| 008 | 141112s2004 ck r 000 u spa d | ||
| 020 | _a9587043510 | ||
| 040 |
_aCO-ViMGA _bspa _cCO-ViMGA |
||
| 082 | 0 | 4 | _aANHb |
| 100 | 1 |
_aAnholt, Laurence _94232 |
|
| 245 | 1 | 0 | _aHistorias increíbles |
| 260 |
_aColombia : _bAlfaguara, _c2005 |
||
| 300 | _a3 Vols. | ||
| 490 | 0 | _aAlfaguara Infantil | |
| 505 | _aTomo 1 : Ceniciento y el Lobito Caperucito \ Tomo 2 : La Bella Bestia y Blancanieves y los Siete Alienigenas \ Tomo 3 : Los Calzoncillos del emperador y El saxofonista de Hamelón | ||
| 590 | _aForma de adquisición : Compra - - Precio : 18.900 - - Proveedor : Dismet - - Fecha de adquisición : 2008 | ||
| 650 | 1 | 4 |
_aCUENTOS INFANTILES INGLESES DEL SIGLO XX _94233 |
| 650 | 1 | 4 |
_aHUMOR EN LA LITERATURA _92203 |
| 650 | 1 | 4 |
_aMONSTRUOS EN A LITERATURA _94234 |
| 942 |
_2ddc _cBK |
||
| 999 |
_c10239 _d10239 |
||